Bibliografia Internazionale di Thesauri (Record no. 9167)

MARC details
000 -LEADER
campo de control de longitud fija 00684nam a2200217 i 4500
001 - NÚMERO DE CONTROL
campo de control 9167
003 - IDENTIFICADOR DE NÚMERO DE CONTROL
campo de control ES-MaACL
005 - FECHA Y HORA DE LA ÚLTIMA TRANSACCIÓN
campo de control 20230906145624.0
007 - CAMPO FIJO DE DESCRIPCIÓN FÍSICA--INFORMACIÓN GENERAL
campo de control de longitud fija t|
008 - DATOS DE LONGITUD FIJA--INFORMACIÓN GENERAL
campo de control de longitud fija 930521s1987 it b |||| | ita d
080 ## - NÚMERO DE LA CLASIFICACIÓN DECIMAL UNIVERSAL
Número de la Clasificación Decimal Universal 025.48:016
100 1# - ENTRADA PRINCIPAL--NOMBRE DE PERSONA
Nombre de persona Rizzo, Stefano.
9 (RLIN) 97759
245 10 - MENCIÓN DEL TÍTULO
Título Bibliografia Internazionale di Thesauri
Resto del título = International Bibliography of Thesauri /
Mención de responsabilidad, etc. Stefano Rizzo.
246 31 - FORMA VARIANTE DEL TITULO
Título propio/Titulo breve International Bibliography of Thesauri
260 ## - PUBLICACIÓN, DISTRIBUCIÓN, ETC.
Lugar de publicación, distribución, etc. Roma :
Nombre del editor, distribuidor, etc. Camera dei Deputati,
Fecha de publicación, distribución, etc. 1987.
300 ## - DESCRIPCIÓN FÍSICA
Extensión XXVI, 132 p. ;
Dimensiones 24 cm.
500 ## - NOTA GENERAL
Nota general Índices.
650 14 - PUNTO DE ACCESO ADICIONAL DE MATERIA--TÉRMINO DE MATERIA
Término de materia o nombre geográfico como elemento de entrada Tesauros-
Subdivisión general Bibliografías.
9 (RLIN) 17515
710 1# - ENTRADA AGREGADA--NOMBRE DE ENTIDAD CORPORATIVA
Nombre de entidad corporativa o nombre de jurisdicción como elemento de entrada Italia.
Unidad subordinada Camera dei Deputati.
9 (RLIN) 5306
852 ## - LOCALIZACIÓN
Ubicación ES-MaACL
Número de control de estantería L-16301
Holdings
Estatus retirado Estado de pérdida Estado de daño No para préstamo Biblioteca de origen Biblioteca actual Ubicación en estantería Fecha de adquisición Fuente de adquisición Total de préstamos Signatura topográfica completa Código de barras Visto por última vez Precio de reemplazo Tipo de ítem Koha
        Biblioteca del Ateneo de Madrid Biblioteca del Ateneo de Madrid Depósito 2 17/01/2008     L-16301 1009356 23/02/2023 23/02/2023 Libro impreso